Loading...
Literature - European Literature | 0 | 6 | 0 | 0 | 60 | 101 | 122.00 | 0 | 0 |
Literature - American Literature | 0 | 5 | 0 | 2 | 50 | 82 | 120.20 | 0 | 1 |
Painting & Sculpture | 0 | 4 | 0 | 0 | 40 | 97 | 126.50 | 0 | 0 |
Literature - British Literature | 0 | 3 | 0 | 1 | 30 | 107 | 135.33 | 0 | 0 |
Fine Arts - Classical Music | 0 | 2 | 0 | 0 | 20 | 99 | 119.50 | 0 | 0 |
Literature - World Literature | 0 | 2 | 0 | 0 | 20 | 117 | 118.00 | 0 | 0 |
Mythology | 0 | 2 | 0 | 0 | 20 | 99 | 120.50 | 0 | 0 |
Philosophy | 0 | 2 | 0 | 0 | 20 | 100 | 109.50 | 0 | 0 |
Social Science | 0 | 1 | 0 | 0 | 10 | 99 | 99.00 | 0 | 0 |
Science - Other Science | 0 | 1 | 0 | 0 | 10 | 91 | 91.00 | 0 | 0 |
Fine Arts - Other Fine Arts | 0 | 1 | 0 | 0 | 10 | 89 | 89.00 | 0 | 0 |
History - European History | 0 | 1 | 0 | 0 | 10 | 42 | 42.00 | 0 | 1 |
History - American History | 0 | 1 | 2 | 0 | 0 | 11 | 11.00 | 1 | 1 |
History - World History | 0 | 0 | 1 | 0 | -5 | 0.00 | 0 | 0 |